Detalles MARC
| 000 -CABECERA |
| campo de control de longitud fija |
04282nam a2200373ua 4500 |
| 001 - NUMERO DE CONTROL |
| campo de control |
001789 |
| 003 - IDENTIFICADOR DE NUMERO DE CONTROL |
| campo de control |
armpcda |
| 008 - ELEMENTOS DE LONGITUD FIJA -- INFORMACION GENERAL |
| campo de control de longitud fija |
215020s2010 ||||||||||||||000 | spa|| |
| 020 ## - NUMERO INTERNACIONAL NORMALIZADO PARA LIBROS (ISBN) |
| International Standard Book Number |
9789875842809 |
| 040 ## - FUENTE DE CATALOGACION |
| Agencia de catalogación original |
armpcda |
| Agencia que realiza la transcripción |
armpcda |
| 080 ## - NUMERO DE CLASIFICACION DECIMAL UNIVERSAL (CDU) |
| Número de la Clasificación Decimal Universal |
72 : 504 |
| 100 1# - ASIENTO PRINCIPAL--NOMBRE PERSONAL |
| Nombre personal |
Miguel, Sebastián |
| 245 10 - MENCION DE TITULO |
| Título propiamente dicho |
Arquitectura sustentable: |
| Parte restante del título |
proyecto social en sectores marginales/ |
| Mención de responsabilidad, etc. |
Sebastián Miguel. |
| 260 ## - PUBLICACION, DISTRIBUCION, ETC. (PIE DE IMPRENTA) |
| Lugar de publicación, distribución, etc. |
Buenos Aires: |
| Nombre del editor, distribuidor, etc. |
Nobuko, |
| Fecha de publicación, distribución, etc. |
2010. |
| 300 0# - DESCRIPCION FISICA |
| Extensión |
226 p. |
| Otros detalles físicos |
il. ; 21 x 15 cm. |
| 505 ## - NOTA DE CONTENIDO CON FORMATO PREESTABLECIDO |
| Nota de contenido con formato preestablecido |
Contenido:<br/><br/>Una ciudad, un huerto, un jardín: utopías renovadas. Cecilia Silvestri.<br/>Lo urbano: marginales e integrados. Jorge Mario Jauregui.<br/><br/>Introducción.<br/><br/>PRIMERA PARTE. <br/>CIUDAD Y ESPACIO PÚBLICO. CONSTRUCCIÓN DE CIUDADANÍA.<br/><br/>CAPÍTULO 1. El espacio público revisitado.<br/>Definiciones del espacio público y una mirada actualizada.<br/>La esfera pública en la sociedad de masas.<br/>Multitud y sociedad civil.<br/>Las formas de organización de la sociedad de masas.<br/><br/>CAPÍTULO 2. Ciudad y villa miseria.<br/>La sociedad latinoamericana. Definiciones del espacio urbano.<br/>La ciudad colonial y decimonónica.<br/>La ciudad informal.<br/>El espacio público en la ciudad informal:<br/>El caso de la India.<br/>La villa miseria.<br/>Origen del concepto ¨villa¨.<br/>Las villas en la ciudad de Buenos Aires.<br/>La vivienda social y las operaciones urbanas de las villas: algunas experiencias.<br/><br/>CAPÍTULO 3. Ciudad y naturaleza.<br/>Introducción.<br/>El jardín y parque urbanos.<br/>El jardín de la antigüedad.<br/>El parque decimonónico.<br/>Alemania: el huerto individual.<br/>Estados Unidos: el Garden Movement.<br/>Una arquitectura posible a partir de materiales orgánicos.<br/>Producción y comunidad. Casos contemporáneos.<br/><br/>SEGUNDA PARTE. EL PROYECTO SOCIAL.<br/><br/>CAPÍTULO 1. Casos experimentales: arquitectura y generación de alimentos.<br/>El paso de la teoría al proyecto.<br/>Elementos de soporte y producción.<br/><br/>CAPÍTULO 2. VIVIENDA SOCIAL: CASA Y HUERTA PRODUCTIVA.<br/>Hábitat, trabajo y paisaje.<br/>Experiencias interdisciplinarias.<br/><br/>CAPÍTULO 3. JARDIN PRODUCTIVO: RECALIFICACIÓN DE ESPACIOS PÚBLICOS EN FAVELAS.<br/>Contexto y diagnóstico.<br/>Estrategias de proyecto y propuestas.<br/>Elementos constitutivos y operaciones.<br/><br/>CAPÍTULO 4. CORREDOR PRODUCTIVO: POTENCIALIDADES DE ESPACIOS PÚBLICOS MARGINALES.<br/>El sitio de intervención.<br/>Una nueva pieza urbana.<br/><br/>ANEXO I. Cuadros.<br/>ANEXO II. Ensayos de cultivos.<br/>ANEXO III. Calendarios de siembra hortícola para Buenos Aires.<br/>Fuentes bibliográficas.<br/>Referencias Bibliográficas.<br/> |
| 520 ## - NOTA DE RESUMEN, ETC. |
| Nota de resumen, etc. |
Resumen<br/><br/>Las grandes ciudades están siendo afectadas por un crecimiento indiscriminado de la población que se ubica espontáneamente y con frecuencia en situación precaria, en la periferia o en los intersticios de los núcleos urbanos. Es evidente en las ciudades latinoamericanas debido al nivel de pobreza de sus sociedades y la brecha de clases sociales. Este libro plantea un análisis de esas problemáticas multidimensionales dentro de un contexto preciso: el ámbito de los asentamientos informales de la urbe, habitualmente llamados villas de emergencia o villas miseria. Se busca la identificación de los habitantes con su territorio, la decisión de los pobladores del asentamiento y que tomen parte activa en la realización de las propuestas. La gestión de la intervención lleva por sí, que experimenten al nuevo contexto urbano como propio, algo que les pertenece y que debe ser conservado. La consideración de las condiciones ecológicas globales y de las urbanas hace ineludible, la reformulación de los modelos constructivos a utilizar por los diseñadores en su conjunto. Esta reformulación se busca a través de la inclusión de materiales orgánicos como parte de los recursos a utilizar, para permitir una relación más equilibrada entre lo edificado y el medio ambiente. |
| 650 #4 - ASIENTO SECUNDARIO DE MATERIA - TERMINO TEMATICO |
| Término temático o nombre geográfico como elemento de entrada |
ARQUITECTURA SUSTENTABLE |
| 650 #4 - ASIENTO SECUNDARIO DE MATERIA - TERMINO TEMATICO |
| Término temático o nombre geográfico como elemento de entrada |
ARQUITECTURA SOSTENIBLE |
| 650 #4 - ASIENTO SECUNDARIO DE MATERIA - TERMINO TEMATICO |
| Término temático o nombre geográfico como elemento de entrada |
CIUDAD |
| 650 #4 - ASIENTO SECUNDARIO DE MATERIA - TERMINO TEMATICO |
| Término temático o nombre geográfico como elemento de entrada |
ESPACIO PUBLICO |
| 650 #4 - ASIENTO SECUNDARIO DE MATERIA - TERMINO TEMATICO |
| Término temático o nombre geográfico como elemento de entrada |
VILLA MISERIA |
| 650 #4 - ASIENTO SECUNDARIO DE MATERIA - TERMINO TEMATICO |
| Término temático o nombre geográfico como elemento de entrada |
JARDIN |
| 650 #4 - ASIENTO SECUNDARIO DE MATERIA - TERMINO TEMATICO |
| Término temático o nombre geográfico como elemento de entrada |
PAISAJISMO |
| 650 #4 - ASIENTO SECUNDARIO DE MATERIA - TERMINO TEMATICO |
| Término temático o nombre geográfico como elemento de entrada |
PARQUES URBANOS |
| 650 #4 - ASIENTO SECUNDARIO DE MATERIA - TERMINO TEMATICO |
| Término temático o nombre geográfico como elemento de entrada |
VIVIENDA SOCIAL |
| 650 #4 - ASIENTO SECUNDARIO DE MATERIA - TERMINO TEMATICO |
| Término temático o nombre geográfico como elemento de entrada |
INTERVENCION |
| 650 #4 - ASIENTO SECUNDARIO DE MATERIA - TERMINO TEMATICO |
| Término temático o nombre geográfico como elemento de entrada |
GARDEN MOVEMENT |
| 650 #4 - ASIENTO SECUNDARIO DE MATERIA - TERMINO TEMATICO |
| Término temático o nombre geográfico como elemento de entrada |
HUERTA |
| 650 #4 - ASIENTO SECUNDARIO DE MATERIA - TERMINO TEMATICO |
| Término temático o nombre geográfico como elemento de entrada |
CIUDADANIA |
| 901 ## - LOCAL DATA ELEMENT A, LDA (RLIN) |
| a |
n |
| b |
m |
| 942 ## - ELEMENTOS AGREGADOS (KOHA) |
| Koha [default] item type |
LIBRO |
| Clasificación normalizada de Koha para alfabetizar |
_ |